Rôzne prístupy k stanoveniu krachu poisťovne v čase t diplomová práca

Guardado en:
Detalles Bibliográficos
Autor principal: Lajčáková, Barbora
Autor Corporativo: Fakulta hospodárskej informatiky EU. Katedra matematiky
Otros Autores: Horáková, Galina
Formato: Libro
Lenguaje:eslovaco
Publicado: Bratislava 2011
Etiquetas: Agregar Etiqueta
Sin Etiquetas, Sea el primero en etiquetar este registro!

MARC

LEADER 00000nbm a2200000 4500
001 0132239
005 20161109101800.7
041 0 |a slo 
044 |a SK 
245 1 0 |a Rôzne prístupy k stanoveniu krachu poisťovne v čase t  |b diplomová práca  |c Barbora Lajčáková ; školiteľ: Galina Horáková 
264 1 |a Bratislava  |c 2011 
300 |a 71 s. 
100 1 |a Lajčáková, Barbora 
700 1 |a Horáková, Galina 
710 2 |a Fakulta hospodárskej informatiky EU. Katedra matematiky